Name these North American Countries by the hints - Statistics

General Stats
  • This quiz has been taken 19 times
  • The average score is 21 of 22
Answer Stats
Hint Answer % Correct
This country is an island nation off the coast of the United States Bahamas
100%
This island nation is further out in the Atlantic ocean than the rest Barbados
100%
Northern most North American country Canada
100%
This island nation is very close to the territory of Guadeloupe Dominica
100%
This country only borders one other country Dominican republic
100%
This country borders Guatemala Mexico
100%
Southern most North American country Panama
100%
This nations capital is St John's Antigua and Barbuda
93%
This country borders Mexico Belize
93%
This country borders Panama Costa Rica
93%
This countries capital is Havana Cuba
93%
This country borders Honduras El salvador
93%
This island nation is close to Trinidad and Tobago Grenada
93%
This country only borders one other country Haiti
93%
This country borders Nicaragua Honduras
93%
The Capital of this country is Kingston Jamaica
93%
This island nation is very close to the territory of Anguilla St Kitts and Nevis
93%
This nations capital is Kingstown St Vincent and the Grenadines
93%
This country borders Canada USA
93%
This country borders Costa rica Nicaragua
87%
This nations capital is Castries St Lucia
87%
This country is an island nation off the coast of Venezuela Trinidad and Tobago
80%
No matching quizzes found
Score Distribution
Percent of People with Each Score
Percentile by Number Answered
Your Score History
You have not taken this quiz